Normal view
MARC view
Entry Nome pessoal
001 - NÚMERO DE CONTROLE
- campo de controle: 513
003 - IDENTIFICADOR DO NÚMERO DE CONTROLE
- campo de controle: Br
005 - DATA E HORÁRIO DA ÚLTIMA TRANSAÇÃO
- campo de controle: 20250314123813.0
008 - CAMPO DE DADOS FIXOS
- campo de controle de tamanho fixo: 100033|| acnnnaab| aaaa d
035 ## - NÚMERO DE CONTROLE DO SISTEMA
- Número de Controle do Sistema: 100033016361596E18
040 ## - FONTE DA CATALOGAÇÃO
- Instituição da catalogação original: Br
- Instituição que transcreveu o registro: Br
100 1# - CABEÇALHO--NOME PESSOAL
- Nome pessoal: Coutinho, Galeão,
- Datas associadas ao nome: 1897-1951
400 1# - REMISSIVA VER--NOME PESSOAL
- Nome pessoal: Coutinho, Salisbury Galeão
- Datas associadas ao nome: 1897-1951
400 1# - REMISSIVA VER--NOME PESSOAL
- Nome pessoal: Galeão Coutinho, Salisbury
- Datas associadas ao nome: 1897-1951
670 ## - FONTE POSITIVA DOS DADOS
- Citação da fonte positiva dos dados: Trad. de: Goethe, Johann Wolfgand van. Fausto: Werther. 1983
670 ## - FONTE POSITIVA DOS DADOS
- Citação da fonte positiva dos dados: Dic. lit. bras
- Dados encontrados na fonte localizada no subcampo: (n.c.; D.)
670 ## - FONTE POSITIVA DOS DADOS
- Citação da fonte positiva dos dados: http://www.oexplorador.com.br/galeao-coutinho-autor-de-relatos-criador-de-personagens-tragicomicas-e-de-peripecias-cotidianas-com-indisfarcavel-fundo-anedotico/ 19/06/2017
- Dados encontrados na fonte localizada no subcampo: (nasceu em Belo Horizonte, 26 de setembro de 1897 e faleceu no Rio de Janeiro, 17 de setembro de 1951 ; jornalista, escritor e romancista (que usou os pseudônimos Cândido e João Sem Terra), autor de relatos, criador de personagens tragicômicas e de peripécias cotidianas com indisfarçável fundo anedótico. Foi o quarto presidente da União Brasileira de Escritores. Chamava-se Salisbury Galeão Coutinho em homenagem ao terceiro marquês de Salisbury)
675 ## - FONTE NEGATIVA DOS DADOS
- Citação da fonte positiva dos dados: Índice
- Citação da fonte positiva dos dados: Cadastro de tradutores
- Citação da fonte positiva dos dados: Brasil bras. de hoje